[Event "Benidorm Satellite preliminary"]
[Site "playchess.com #007036"]
[Date "2009.10.24"]
[Round "11"]
[White "Wethalon"]
[Black "Aref__gm"]
[Result "1-0"]
[WhiteElo "2432"]
[BlackElo "2325"]
[PlyCount "53"]
[EventDate "2009.10.24"]
[EventType "swiss (blitz)"]

1. e4 {[%emt 0:00:01]} c5 {[%emt 0:00:01]} 2. Nc3 {[%emt 0:00:01]} d6 {[%emt 0:
00:01]} 3. g3 {[%emt 0:00:00]} Nc6 {[%emt 0:00:02]} 4. Bg2 {[%emt 0:00:00]} g6
{[%emt 0:00:01]} 5. d3 {[%emt 0:00:00]} Bg7 {[%emt 0:00:00]} 6. Be3 {[%emt 0:
00:00]} e6 {[%emt 0:00:01]} 7. Qd2 {[%emt 0:00:01]} Rb8 {[%emt 0:00:01]} 8. Nf3
{[%emt 0:00:01]} b5 {[%emt 0:00:01]} 9. O-O {[%emt 0:00:03]} b4 {[%emt 0:00:01]
} 10. Nd1 {[%emt 0:00:01]} Nd4 {[%emt 0:00:01]} 11. Nh4 {[%emt 0:00:02]} a5 {
[%emt 0:00:12]} 12. f4 {[%emt 0:00:03]} Ne7 {[%emt 0:00:03]} 13. c3 {[%emt 0:
00:02]} bxc3 {[%emt 0:00:09]} 14. bxc3 {[%emt 0:00:01]} Ndc6 {[%emt 0:00:01]}
15. f5 {[%emt 0:00:03]} exf5 {[%emt 0:00:05]} 16. exf5 {[%emt 0:00:01]} gxf5 {
[%emt 0:00:46]} 17. Bh6 {[%emt 0:00:08]} Bxh6 {[%emt 0:00:11]} 18. Qxh6 {[%emt
0:00:02]} Ne5 {[%emt 0:00:02]} 19. Ne3 {[%emt 0:00:26]} Ng4 {[%emt 0:00:59]}
20. Nxg4 {[%emt 0:00:28]} fxg4 {[%emt 0:00:01]} 21. Qg7 {[%emt 0:00:01]} Rf8 {
[%emt 0:00:05]} 22. Rae1 {[%emt 0:00:09]} Rb2 {[%emt 0:00:15]} 23. c4 {[%emt 0:
00:39]} Qc7 {[%emt 0:00:36]} 24. Re3 {[%emt 0:00:12]} Bb7 {[%emt 0:00:05]} 25.
Qxb2 {[%emt 0:00:03]} Bxg2 {[%emt 0:00:02]} 26. Qxg2 {[%emt 0:00:03]} Qd7 {
[%emt 0:00:01]} 27. Nf5 {[%emt 0:00:02] Aref__gm resigns} 1-0

[Event "Benidorm Satellite preliminary"]
[Site "playchess.com #007036"]
[Date "2009.10.24"]
[Round "11"]
[White "MONFMA0214"]
[Black "Matematika"]
[Result "0-1"]
[WhiteElo "1686"]
[BlackElo "1977"]
[PlyCount "56"]
[EventDate "2009.10.24"]
[EventType "swiss (blitz)"]

1. e4 {[%emt 0:00:01]} e6 {[%emt 0:00:01]} 2. d4 {[%emt 0:00:01]} d5 {[%emt 0:
00:01]} 3. exd5 {[%emt 0:00:01]} exd5 {[%emt 0:00:01]} 4. Nf3 {[%emt 0:00:00]}
c6 {[%emt 0:00:01]} 5. c4 {[%emt 0:00:02]} Bd6 {[%emt 0:00:02]} 6. Nc3 {[%emt
0:00:07]} Ne7 {[%emt 0:00:02]} 7. Bd3 {[%emt 0:00:02]} dxc4 {[%emt 0:00:06]} 8.
Bxc4 {[%emt 0:00:02]} O-O {[%emt 0:00:01]} 9. O-O {[%emt 0:00:02]} Bf5 {[%emt
0:00:01]} 10. Bg5 {[%emt 0:00:03]} h6 {[%emt 0:00:01]} 11. Bh4 {[%emt 0:00:01]}
Qc7 {[%emt 0:00:06]} 12. Re1 {[%emt 0:00:09]} Ng6 {[%emt 0:00:13]} 13. Bg3 {
[%emt 0:00:02]} Bxg3 {[%emt 0:00:02]} 14. hxg3 {[%emt 0:00:03]} Nd7 {[%emt 0:
00:01]} 15. Nh4 {[%emt 0:00:17]} Nxh4 {[%emt 0:00:07]} 16. gxh4 {[%emt 0:00:02]
} Nf6 {[%emt 0:00:01]} 17. Qb3 {[%emt 0:00:16]} Rad8 {[%emt 0:00:07]} 18. d5 {
[%emt 0:00:26]} b5 {[%emt 0:00:07]} 19. Be2 {[%emt 0:00:22]} Nxd5 {[%emt 0:00:
14]} 20. Nxd5 {[%emt 0:00:02]} Rxd5 {[%emt 0:00:02]} 21. Rac1 {[%emt 0:00:03]}
Qd6 {[%emt 0:00:09]} 22. Bf3 {[%emt 0:00:04]} Rc5 {[%emt 0:00:05]} 23. Rcd1 {
[%emt 0:00:10]} Qf4 {[%emt 0:00:05]} 24. Re3 {[%emt 0:00:15]} Qxh4 {[%emt 0:00:
14]} 25. Rde1 {[%emt 0:00:08]} Rc2 {[%emt 0:00:13]} 26. g3 {[%emt 0:00:17]} Qf6
{[%emt 0:00:02]} 27. Re5 {[%emt 0:00:10]} Bg6 {[%emt 0:00:07]} 28. Be2 {[%emt
0:00:25]} Qxe5 {[%emt 0:00:08] MONFMA0214 rinde} 0-1

[Event "Benidorm Satellite preliminary"]
[Site "playchess.com #007036"]
[Date "2009.10.24"]
[Round "11"]
[White "Wild"]
[Black "Nußhardt"]
[Result "1-0"]
[WhiteElo "1402"]
[BlackElo "1658"]
[PlyCount "99"]
[EventDate "2009.10.24"]
[EventType "swiss (blitz)"]

1. c4 {[%emt 0:00:06]} c5 {[%emt 0:00:01]} 2. Nc3 {[%emt 0:00:02]} Nc6 {[%emt
0:00:01]} 3. g3 {[%emt 0:00:01]} b6 {[%emt 0:00:02]} 4. Bg2 {[%emt 0:00:01]}
Bb7 {[%emt 0:00:01]} 5. e3 {[%emt 0:00:05]} Rb8 {[%emt 0:00:02]} 6. d4 {[%emt
0:00:02]} cxd4 {[%emt 0:00:03]} 7. exd4 {[%emt 0:00:04]} e6 {[%emt 0:00:01]} 8.
d5 {[%emt 0:00:04]} Ne5 {[%emt 0:00:04]} 9. Qd4 {[%emt 0:00:10]} f6 {[%emt 0:
00:04]} 10. Bf4 {[%emt 0:00:05]} d6 {[%emt 0:00:03]} 11. Bxe5 {[%emt 0:00:09]}
dxe5 {[%emt 0:00:03]} 12. Qd3 {[%emt 0:00:09]} Bb4 {[%emt 0:00:03]} 13. Nge2 {
[%emt 0:00:03]} exd5 {[%emt 0:00:04]} 14. cxd5 {[%emt 0:00:04]} Ne7 {[%emt 0:
00:05]} 15. O-O {[%emt 0:00:08]} O-O {[%emt 0:00:04]} 16. Rad1 {[%emt 0:00:13]}
Bc5 {[%emt 0:00:06]} 17. d6 {[%emt 0:00:05]} Ng6 {[%emt 0:00:03]} 18. Bxb7 {
[%emt 0:00:04]} Rxb7 {[%emt 0:00:06]} 19. Qd5+ {[%emt 0:00:04]} Rff7 {[%emt 0:
00:03]} 20. Ne4 {[%emt 0:00:11]} Nf8 {[%emt 0:00:06]} 21. a3 {[%emt 0:00:08]}
Rbd7 {[%emt 0:00:04]} 22. b4 {[%emt 0:00:03]} Bd4 {[%emt 0:00:04]} 23. Nxd4 {
[%emt 0:00:02]} exd4 {[%emt 0:00:03]} 24. Rxd4 {[%emt 0:00:03]} Kh8 {[%emt 0:
00:01]} 25. Rc4 {[%emt 0:00:17]} Ng6 {[%emt 0:00:03]} 26. Rfc1 {[%emt 0:00:05]}
Qe8 {[%emt 0:00:07]} 27. Rc8 {[%emt 0:00:06]} Rd8 {[%emt 0:00:02]} 28. Rxd8 {
[%emt 0:00:02]} Qxd8 {[%emt 0:00:03]} 29. Qxf7 {[%emt 0:00:03]} Ne5 {[%emt 0:
00:02]} 30. Qe7 {[%emt 0:00:10]} Qg8 {[%emt 0:00:09]} 31. d7 {[%emt 0:00:04]}
Nxd7 {[%emt 0:00:15]} 32. Qxd7 {[%emt 0:00:03]} h6 {[%emt 0:00:04]} 33. Rc8 {
[%emt 0:00:03]} Qxc8 {[%emt 0:00:06]} 34. Qxc8+ {[%emt 0:00:01]} Kh7 {[%emt 0:
00:05]} 35. Qb7 {[%emt 0:00:01]} a5 {[%emt 0:00:03]} 36. Nxf6+ {[%emt 0:00:02]}
Kg6 {[%emt 0:00:02]} 37. Ne8 {[%emt 0:00:04]} axb4 {[%emt 0:00:03]} 38. axb4 {
[%emt 0:00:03]} Kf5 {[%emt 0:00:02]} 39. Nxg7+ {[%emt 0:00:02]} Ke5 {[%emt 0:
00:02]} 40. Qxb6 {[%emt 0:00:02]} Kd5 {[%emt 0:00:02]} 41. Qc5+ {[%emt 0:00:01]
} Ke4 {[%emt 0:00:03]} 42. Nf5 {[%emt 0:00:02]} Kd3 {[%emt 0:00:04]} 43. Nxh6 {
[%emt 0:00:02]} Ke4 {[%emt 0:00:03]} 44. b5 {[%emt 0:00:02]} Kd3 {[%emt 0:00:
03]} 45. b6 {[%emt 0:00:01]} Kd2 {[%emt 0:00:04]} 46. b7 {[%emt 0:00:01]} Kd1 {
[%emt 0:00:02]} 47. b8=R {[%emt 0:00:03]} Kd2 {[%emt 0:00:02]} 48. Rd8+ {[%emt
0:00:01]} Ke2 {[%emt 0:00:02]} 49. Qe7+ {[%emt 0:00:02]} Kf3 {[%emt 0:00:03]}
50. Rf8# {[%emt 0:00:02]} 1-0

[Event "Benidorm Satellite preliminary"]
[Site "playchess.com #007036"]
[Date "2009.10.24"]
[Round "11"]
[White "Bystrc2010"]
[Black "Mau13"]
[Result "1/2-1/2"]
[WhiteElo "1766"]
[BlackElo "1903"]
[PlyCount "69"]
[EventDate "2009.10.24"]
[EventType "swiss (blitz)"]

1. e4 {[%emt 0:00:01]} e5 {[%emt 0:00:03]} 2. Nf3 {[%emt 0:00:01]} Nc6 {[%emt
0:00:01]} 3. d4 {[%emt 0:00:01]} exd4 {[%emt 0:00:05]} 4. c3 {[%emt 0:00:01]}
d5 {[%emt 0:00:03]} 5. exd5 {[%emt 0:00:01]} Qxd5 {[%emt 0:00:01]} 6. cxd4 {
[%emt 0:00:01]} Bg4 {[%emt 0:00:03]} 7. Be2 {[%emt 0:00:01]} Nf6 {[%emt 0:00:
09]} 8. O-O {[%emt 0:00:09]} Bd6 {[%emt 0:00:05]} 9. Nc3 {[%emt 0:00:03]} Qh5 {
[%emt 0:00:01]} 10. Nb5 {[%emt 0:00:13]} O-O {[%emt 0:00:16]} 11. Nxd6 {[%emt
0:00:04]} cxd6 {[%emt 0:00:01]} 12. h3 {[%emt 0:00:02]} Be6 {[%emt 0:00:26]}
13. Ng5 {[%emt 0:00:48]} Qg6 {[%emt 0:00:13]} 14. Nxe6 {[%emt 0:00:09]} fxe6 {
[%emt 0:00:01]} 15. Be3 {[%emt 0:00:06]} e5 {[%emt 0:00:01]} 16. Qb3+ {[%emt 0:
00:06]} Kh8 {[%emt 0:00:03]} 17. d5 {[%emt 0:00:13]} Nd4 {[%emt 0:00:02]} 18.
Bxd4 {[%emt 0:00:06]} exd4 {[%emt 0:00:00]} 19. Bd3 {[%emt 0:00:06]} Qg5 {
[%emt 0:00:04]} 20. Rae1 {[%emt 0:00:11]} Qxd5 {[%emt 0:00:02]} 21. Qxd5 {
[%emt 0:00:03]} Nxd5 {[%emt 0:00:01]} 22. Re6 {[%emt 0:00:07]} Rad8 {[%emt 0:
00:03]} 23. Bc4 {[%emt 0:00:04]} Nb4 {[%emt 0:00:15]} 24. a3 {[%emt 0:00:11]}
d5 {[%emt 0:00:07]} 25. Bb3 {[%emt 0:00:10]} Nd3 {[%emt 0:00:07]} 26. Re7 {
[%emt 0:00:07]} Nxb2 {[%emt 0:00:06]} 27. Rxb7 {[%emt 0:00:03]} d3 {[%emt 0:00:
01]} 28. Rb1 {[%emt 0:00:09]} d2 {[%emt 0:00:02]} 29. Rxb2 {[%emt 0:00:03]} Rb8
{[%emt 0:00:17]} 30. Rxb8 {[%emt 0:00:11]} Rxb8 {[%emt 0:00:00]} 31. Rxd2 {
[%emt 0:00:01]} Rxb3 {[%emt 0:00:03]} 32. Rxd5 {[%emt 0:00:01]} h6 {[%emt 0:00:
03]} 33. Ra5 {[%emt 0:00:01]} Rb7 {[%emt 0:00:02]} 34. Kf1 {[%emt 0:00:01]} Kh7
{[%emt 0:00:01] Bystrc2010 bietet Remis} 35. Ra6 {[%emt 0:00:01]} 1/2-1/2

[Event "Benidorm Satellite preliminary"]
[Site "playchess.com #007036"]
[Date "2009.10.24"]
[Round "11"]
[White "Yoborjamari"]
[Black "Wun2"]
[Result "1/2-1/2"]
[WhiteElo "2208"]
[BlackElo "1901"]
[PlyCount "62"]
[EventDate "2009.10.24"]
[EventType "swiss (blitz)"]

1. Nf3 {[%emt 0:00:02]} d5 {[%emt 0:00:01]} 2. d4 {[%emt 0:00:03]} Nf6 {[%emt
0:00:01]} 3. c4 {[%emt 0:00:00]} e6 {[%emt 0:00:01]} 4. e3 {[%emt 0:00:00]} Be7
{[%emt 0:00:01]} 5. Bd3 {[%emt 0:00:00]} O-O {[%emt 0:00:02]} 6. O-O {[%emt 0:
00:00]} c5 {[%emt 0:00:02]} 7. Nc3 {[%emt 0:00:00]} Nc6 {[%emt 0:00:02]} 8. b3
{[%emt 0:00:02]} cxd4 {[%emt 0:00:02]} 9. exd4 {[%emt 0:00:01]} b6 {[%emt 0:00:
02]} 10. Bb2 {[%emt 0:00:04]} Bb7 {[%emt 0:00:02]} 11. Rc1 {[%emt 0:00:01]} Nb4
{[%emt 0:00:06]} 12. Bb1 {[%emt 0:00:02]} Rc8 {[%emt 0:00:02]} 13. a3 {[%emt 0:
00:01]} Nc6 {[%emt 0:00:02]} 14. Qd3 {[%emt 0:00:06]} Na5 {[%emt 0:00:10]} 15.
cxd5 {[%emt 0:00:05]} exd5 {[%emt 0:00:10]} 16. Ne2 {[%emt 0:00:08]} Qd6 {
[%emt 0:00:10]} 17. Ng3 {[%emt 0:00:04]} Ne4 {[%emt 0:00:14]} 18. Ne5 {[%emt 0:
00:06]} Bg5 {[%emt 0:00:12]} 19. Rxc8 {[%emt 0:00:06]} Rxc8 {[%emt 0:00:00]}
20. f3 {[%emt 0:00:02]} Nf6 {[%emt 0:00:06]} 21. Nh5 {[%emt 0:00:10]} g6 {
[%emt 0:00:06]} 22. f4 {[%emt 0:00:10]} Nxh5 {[%emt 0:00:09]} 23. fxg5 {[%emt
0:00:04]} Nc6 {[%emt 0:00:06]} 24. g4 {[%emt 0:00:05]} Ng7 {[%emt 0:00:04]} 25.
Nxf7 {[%emt 0:00:14]} Qe6 {[%emt 0:00:13]} 26. Nh6+ {[%emt 0:00:06]} Kh8 {
[%emt 0:00:04]} 27. Qf3 {[%emt 0:00:07]} Qe7 {[%emt 0:00:09]} 28. h4 {[%emt 0:
00:09]} Re8 {[%emt 0:00:04]} 29. Kh1 {[%emt 0:00:31]} Ba6 {[%emt 0:00:16]} 30.
Qf7 {[%emt 0:00:11]} Bxf1 {[%emt 0:00:12]} 31. Qxf1 {[%emt 0:00:05]} Qe1 {
[%emt 0:00:22] Wun2 bietet Remis} 1/2-1/2

[Event "Benidorm Satellite preliminary"]
[Site "playchess.com #007036"]
[Date "2009.10.24"]
[Round "11"]
[White "Knetterbernd"]
[Black "Came On"]
[Result "1-0"]
[WhiteElo "2198"]
[BlackElo "2573"]
[PlyCount "79"]
[EventDate "2009.10.24"]
[EventType "swiss (blitz)"]

1. e4 {[%emt 0:00:00]} c5 {[%emt 0:00:02]} 2. Nf3 {[%emt 0:00:01]} Nc6 {[%emt
0:00:01]} 3. Bb5 {[%emt 0:00:01]} g6 {[%emt 0:00:07]} 4. O-O {[%emt 0:00:02]}
Bg7 {[%emt 0:00:00]} 5. c3 {[%emt 0:00:01]} e6 {[%emt 0:00:01]} 6. d4 {[%emt 0:
00:02]} cxd4 {[%emt 0:00:00]} 7. cxd4 {[%emt 0:00:00]} Nge7 {[%emt 0:00:01]} 8.
d5 {[%emt 0:00:03]} Nb8 {[%emt 0:00:02]} 9. d6 {[%emt 0:00:04]} Nec6 {[%emt 0:
00:01]} 10. e5 {[%emt 0:00:05]} Nxe5 {[%emt 0:00:04]} 11. Nxe5 {[%emt 0:00:04]}
Bxe5 {[%emt 0:00:01]} 12. Nc3 {[%emt 0:00:01]} Qb6 {[%emt 0:00:02]} 13. Bh6 {
[%emt 0:00:18]} Qxd6 {[%emt 0:00:02]} 14. Qf3 {[%emt 0:00:03]} f5 {[%emt 0:00:
07]} 15. Rad1 {[%emt 0:00:06]} Qb6 {[%emt 0:00:01]} 16. Rfe1 {[%emt 0:00:05]}
Bxc3 {[%emt 0:00:02]} 17. Qxc3 {[%emt 0:00:03]} Rg8 {[%emt 0:00:19]} 18. Qxc8+
{[%emt 0:00:02]} Kf7 {[%emt 0:00:01]} 19. Qc4 {[%emt 0:00:20]} d5 {[%emt 0:00:
03]} 20. Qd3 {[%emt 0:00:13]} a6 {[%emt 0:00:04]} 21. Ba4 {[%emt 0:00:02]} Nc6
{[%emt 0:00:03]} 22. Bxc6 {[%emt 0:00:09]} Qxc6 {[%emt 0:00:03]} 23. Rc1 {
[%emt 0:00:02]} Qd7 {[%emt 0:00:01]} 24. Rc2 {[%emt 0:00:04]} Rac8 {[%emt 0:00:
01]} 25. Rec1 {[%emt 0:00:02]} Rxc2 {[%emt 0:00:01]} 26. Qxc2 {[%emt 0:00:02]}
d4 {[%emt 0:00:04]} 27. Bf4 {[%emt 0:00:06]} g5 {[%emt 0:00:02]} 28. Be5 {
[%emt 0:00:05]} Kg6 {[%emt 0:00:03]} 29. Qd3 {[%emt 0:00:05]} Rd8 {[%emt 0:00:
06]} 30. Rc7 {[%emt 0:00:07]} Qe8 {[%emt 0:00:23]} 31. Rg7+ {[%emt 0:00:03]}
Kh6 {[%emt 0:00:00]} 32. Qh3+ {[%emt 0:00:03]} Qh5 {[%emt 0:00:01]} 33. Rxh7+ {
[%emt 0:00:01]} Kxh7 {[%emt 0:00:00]} 34. Qxh5+ {[%emt 0:00:00]} Kg8 {[%emt 0:
00:00]} 35. Qxg5+ {[%emt 0:00:01]} Kf8 {[%emt 0:00:00]} 36. Qxd8+ {[%emt 0:00:
01]} Kf7 {[%emt 0:00:00]} 37. Qf6+ {[%emt 0:00:02]} Ke8 {[%emt 0:00:02]} 38.
Qg7 {[%emt 0:00:01]} d3 {[%emt 0:02:13] '} 39. Bf6 {[%emt 0:00:03]} d2 {[%emt
0:00:04]} 40. Qe7# {[%emt 0:00:00]} 1-0

[Event "Benidorm Satellite preliminary"]
[Site "playchess.com #007036"]
[Date "2009.10.24"]
[Round "11"]
[White "Racoony"]
[Black "LA ROSA ANGEL"]
[Result "1-0"]
[WhiteElo "1752"]
[BlackElo "1910"]
[PlyCount "61"]
[EventDate "2009.10.24"]
[EventType "swiss (blitz)"]

1. d4 {[%emt 0:00:01]} d5 {[%emt 0:00:04]} 2. c4 {[%emt 0:00:04]} c6 {[%emt 0:
00:02]} 3. Nf3 {[%emt 0:00:02]} e6 {[%emt 0:00:02]} 4. e3 {[%emt 0:00:04]} Nf6
{[%emt 0:00:02]} 5. b3 {[%emt 0:00:05]} Nbd7 {[%emt 0:00:01]} 6. Bb2 {[%emt 0:
00:12]} Bd6 {[%emt 0:00:01]} 7. Bd3 {[%emt 0:00:16]} Qe7 {[%emt 0:00:01]} 8.
Ne5 {[%emt 0:00:08]} O-O {[%emt 0:00:06]} 9. O-O {[%emt 0:00:05]} Nxe5 {[%emt
0:00:09]} 10. dxe5 {[%emt 0:00:02]} Bc7 {[%emt 0:00:09]} 11. exf6 {[%emt 0:00:
01]} gxf6 {[%emt 0:00:01]} 12. Qh5 {[%emt 0:00:06]} f5 {[%emt 0:00:06]} 13. f4
{[%emt 0:00:42]} f6 {[%emt 0:00:01]} 14. Rf3 {[%emt 0:00:03]} Rf7 {[%emt 0:00:
01]} 15. Qh6 {[%emt 0:00:04]} Bd7 {[%emt 0:00:14]} 16. Nd2 {[%emt 0:00:08]} Kh8
{[%emt 0:00:02]} 17. Raf1 {[%emt 0:00:06]} Rg8 {[%emt 0:00:01]} 18. Rh3 {[%emt
0:00:07]} Rgg7 {[%emt 0:00:25]} 19. Rff3 {[%emt 0:00:05]} e5 {[%emt 0:00:10]}
20. Rfg3 {[%emt 0:00:11]} Rxg3 {[%emt 0:00:08]} 21. Rxg3 {[%emt 0:00:01]} e4 {
[%emt 0:00:02]} 22. Be2 {[%emt 0:00:03]} Bd8 {[%emt 0:00:09]} 23. Bh5 {[%emt 0:
00:05]} Rf8 {[%emt 0:00:09]} 24. Bg6 {[%emt 0:00:20]} dxc4 {[%emt 0:00:14]} 25.
Nxc4 {[%emt 0:00:02]} Be6 {[%emt 0:00:11]} 26. Nd6 {[%emt 0:00:05]} Bg8 {[%emt
0:00:10]} 27. Nxf5 {[%emt 0:00:17]} Qd7 {[%emt 0:00:05]} 28. h4 {[%emt 0:00:13]
} Qd1+ {[%emt 0:00:03]} 29. Kh2 {[%emt 0:00:01]} Qd7 {[%emt 0:00:21] '} 30.
Qxf8 {[%emt 0:00:02]} Qe7 {[%emt 0:00:09]} 31. Nxe7 {[%emt 0:00:04] LA ROSA
ANGEL rinde} 1-0

[Event "Benidorm Satellite preliminary"]
[Site "playchess.com #007036"]
[Date "2009.10.24"]
[Round "11"]
[White "Retep1"]
[Black "Dolorian"]
[Result "1-0"]
[WhiteElo "1669"]
[BlackElo "1512"]
[PlyCount "51"]
[EventDate "2009.10.24"]
[EventType "swiss (blitz)"]

1. d4 {[%emt 0:00:02]} g6 {[%emt 0:00:18]} 2. c4 {[%emt 0:00:12]} Bg7 {[%emt 0:
00:03]} 3. Nc3 {[%emt 0:00:08]} c5 {[%emt 0:00:01]} 4. d5 {[%emt 0:00:01]}
Bxc3+ {[%emt 0:00:02]} 5. bxc3 {[%emt 0:00:03]} f5 {[%emt 0:00:01]} 6. Nf3 {
[%emt 0:00:07]} Qa5 {[%emt 0:00:02]} 7. Qd2 {[%emt 0:00:06]} Nf6 {[%emt 0:00:
02]} 8. Qc2 {[%emt 0:00:03]} d6 {[%emt 0:00:08]} 9. Rb1 {[%emt 0:00:19]} Nbd7 {
[%emt 0:00:02]} 10. Rb5 {[%emt 0:00:11]} Qa6 {[%emt 0:00:02]} 11. e3 {[%emt 0:
00:30]} Ne5 {[%emt 0:00:03]} 12. Nxe5 {[%emt 0:00:07]} dxe5 {[%emt 0:00:00]}
13. Rxc5 {[%emt 0:00:08]} O-O {[%emt 0:00:09]} 14. Be2 {[%emt 0:00:09]} Bd7 {
[%emt 0:00:16]} 15. Qb3 {[%emt 0:00:08]} Ne4 {[%emt 0:00:24]} 16. Rc7 {[%emt 0:
00:09]} Ba4 {[%emt 0:00:31]} 17. Qa3 {[%emt 0:00:14]} Rfc8 {[%emt 0:00:24]} 18.
Qxe7 {[%emt 0:00:09]} Rxc7 {[%emt 0:00:01]} 19. Qxc7 {[%emt 0:00:14]} Nxc3 {
[%emt 0:00:01]} 20. Bb2 {[%emt 0:00:09]} Nxe2 {[%emt 0:00:14]} 21. Qxe5 {[%emt
0:00:07]} Qa5+ {[%emt 0:00:14]} 22. Kxe2 {[%emt 0:00:02]} Kf7 {[%emt 0:00:21]}
23. Qg7+ {[%emt 0:00:02]} Ke8 {[%emt 0:00:02]} 24. Bf6 {[%emt 0:00:08]} Qc5 {
[%emt 0:00:08]} 25. Qg8+ {[%emt 0:00:05]} Qf8 {[%emt 0:00:01]} 26. Qe6+ {[%emt
0:00:02] Dolorian resigns} 1-0

[Event "Benidorm Satellite preliminary"]
[Site "playchess.com #007036"]
[Date "2009.10.24"]
[Round "11"]
[White "Lagano"]
[Black "MichelS"]
[Result "1-0"]
[WhiteElo "1957"]
[BlackElo "1859"]
[PlyCount "73"]
[EventDate "2009.10.24"]
[EventType "swiss (blitz)"]

1. e4 {[%emt 0:00:02]} e5 {[%emt 0:00:08]} 2. Nf3 {[%emt 0:00:01]} Nc6 {[%emt
0:00:01]} 3. Bb5 {[%emt 0:00:03]} g6 {[%emt 0:00:02]} 4. c3 {[%emt 0:00:03]} d6
{[%emt 0:00:02]} 5. O-O {[%emt 0:00:01]} Bg7 {[%emt 0:00:02]} 6. h3 {[%emt 0:
00:01]} Nf6 {[%emt 0:00:02]} 7. d3 {[%emt 0:00:01]} O-O {[%emt 0:00:01]} 8. Re1
{[%emt 0:00:02]} a6 {[%emt 0:00:06]} 9. Ba4 {[%emt 0:00:03]} b5 {[%emt 0:00:01]
} 10. Bb3 {[%emt 0:00:02]} Bb7 {[%emt 0:00:01]} 11. Nbd2 {[%emt 0:00:02]} Na5 {
[%emt 0:00:01]} 12. Bc2 {[%emt 0:00:02]} c5 {[%emt 0:00:00]} 13. Nf1 {[%emt 0:
00:04]} Nc6 {[%emt 0:00:02]} 14. Ng3 {[%emt 0:00:08]} d5 {[%emt 0:00:01]} 15.
exd5 {[%emt 0:00:04]} Nxd5 {[%emt 0:00:02]} 16. a3 {[%emt 0:00:09]} Qd6 {[%emt
0:00:09]} 17. c4 {[%emt 0:00:08]} Nde7 {[%emt 0:00:11]} 18. Ne4 {[%emt 0:00:03]
} Qc7 {[%emt 0:00:05]} 19. Nxc5 {[%emt 0:00:04]} Rad8 {[%emt 0:00:32]} 20. Qe2
{[%emt 0:00:07]} Nd4 {[%emt 0:00:08]} 21. Nxd4 {[%emt 0:00:03]} Qxc5 {[%emt 0:
00:01]} 22. Nb3 {[%emt 0:00:03]} Qc6 {[%emt 0:00:05]} 23. Qe4 {[%emt 0:00:05]}
Qb6 {[%emt 0:00:16]} 24. Qe3 {[%emt 0:00:08]} Qc6 {[%emt 0:00:16]} 25. f3 {
[%emt 0:00:11]} Nf5 {[%emt 0:00:08]} 26. Qf2 {[%emt 0:00:06]} bxc4 {[%emt 0:00:
08]} 27. dxc4 {[%emt 0:00:03]} Nd4 {[%emt 0:00:04]} 28. Na5 {[%emt 0:00:10]}
Qc7 {[%emt 0:00:10]} 29. Nxb7 {[%emt 0:00:05]} Qxb7 {[%emt 0:00:01]} 30. Be4 {
[%emt 0:00:02]} Qc7 {[%emt 0:00:27]} 31. Bd5 {[%emt 0:00:14]} Nb3 {[%emt 0:00:
21]} 32. Rb1 {[%emt 0:00:04]} Kh8 {[%emt 0:00:09]} 33. Be3 {[%emt 0:00:09]} f5
{[%emt 0:00:04]} 34. Bb6 {[%emt 0:00:02]} Qe7 {[%emt 0:00:11]} 35. Bxd8 {[%emt
0:00:03]} Rxd8 {[%emt 0:00:00]} 36. Qb6 {[%emt 0:00:10]} Nd4 {[%emt 0:00:04]}
37. Qxd4 {[%emt 0:00:03] MichelS abandonne} 1-0

[Event "Benidorm Satellite preliminary"]
[Site "playchess.com #007036"]
[Date "2009.10.24"]
[Round "11"]
[White "Althusius"]
[Black "Borya_ider"]
[Result "0-1"]
[WhiteElo "1890"]
[BlackElo "2591"]
[PlyCount "94"]
[EventDate "2009.10.24"]
[EventType "swiss (blitz)"]

1. e4 {[%emt 0:00:02]} e6 {[%emt 0:00:02]} 2. d4 {[%emt 0:00:02]} d5 {[%emt 0:
00:08]} 3. Nc3 {[%emt 0:00:01]} Bb4 {[%emt 0:00:01]} 4. e5 {[%emt 0:00:02]} c5
{[%emt 0:00:01]} 5. a3 {[%emt 0:00:02]} Bxc3+ {[%emt 0:00:01]} 6. bxc3 {[%emt
0:00:00]} Ne7 {[%emt 0:00:00]} 7. Qg4 {[%emt 0:00:02]} Kf8 {[%emt 0:00:01]} 8.
Nf3 {[%emt 0:00:22]} Qa5 {[%emt 0:00:04]} 9. Bd2 {[%emt 0:00:08]} Qa4 {[%emt 0:
00:01]} 10. Ra2 {[%emt 0:00:21]} Nbc6 {[%emt 0:00:09]} 11. Be2 {[%emt 0:00:12]}
b6 {[%emt 0:00:11]} 12. O-O {[%emt 0:00:05]} Ba6 {[%emt 0:00:01]} 13. Bxa6 {
[%emt 0:00:03]} Qxa6 {[%emt 0:00:00]} 14. a4 {[%emt 0:00:25]} Qc4 {[%emt 0:00:
10]} 15. Rfa1 {[%emt 0:00:09]} h5 {[%emt 0:00:15]} 16. Qf4 {[%emt 0:00:18]} Nf5
{[%emt 0:00:10]} 17. a5 {[%emt 0:00:34]} b5 {[%emt 0:00:31]} 18. dxc5 {[%emt 0:
00:08]} Qxc5 {[%emt 0:00:04]} 19. a6 {[%emt 0:00:30]} Qc4 {[%emt 0:00:02]} 20.
Qxc4 {[%emt 0:00:06]} bxc4 {[%emt 0:00:08]} 21. Rb2 {[%emt 0:00:01]} Kg8 {
[%emt 0:00:04]} 22. Rab1 {[%emt 0:00:01]} Kh7 {[%emt 0:00:01]} 23. Rb7 {[%emt
0:00:01]} Kg6 {[%emt 0:00:01]} 24. Rc7 {[%emt 0:00:01]} Rhc8 {[%emt 0:00:01]}
25. Rxc8 {[%emt 0:00:03]} Rxc8 {[%emt 0:00:01]} 26. Rb7 {[%emt 0:00:01]} Rb8 {
[%emt 0:00:01]} 27. Rxb8 {[%emt 0:00:02]} Nxb8 {[%emt 0:00:01]} 28. Nd4 {[%emt
0:00:01]} Nxd4 {[%emt 0:00:02]} 29. cxd4 {[%emt 0:00:01]} Nxa6 {[%emt 0:00:00]}
30. Ba5 {[%emt 0:00:04]} Nb8 {[%emt 0:00:02]} 31. c3 {[%emt 0:00:01]} Nc6 {
[%emt 0:00:01]} 32. Bc7 {[%emt 0:00:04]} a5 {[%emt 0:00:01]} 33. Kf1 {[%emt 0:
00:02]} a4 {[%emt 0:00:01]} 34. Bd6 {[%emt 0:00:02]} Na5 {[%emt 0:00:01]} 35.
Ke1 {[%emt 0:00:01]} Nb3 {[%emt 0:00:00]} 36. Kd1 {[%emt 0:00:01]} Kf5 {[%emt
0:00:01]} 37. Kc2 {[%emt 0:00:03]} g5 {[%emt 0:00:02]} 38. Bf8 {[%emt 0:00:02]}
Ke4 {[%emt 0:00:01]} 39. Be7 {[%emt 0:00:02]} g4 {[%emt 0:00:01]} 40. Bg5 {
[%emt 0:00:02]} Na5 {[%emt 0:00:08]} 41. Kb2 {[%emt 0:00:02]} Kd3 {[%emt 0:00:
02]} 42. Bf4 {[%emt 0:00:03]} Nb3 {[%emt 0:00:01]} 43. Bg5 {[%emt 0:00:03]} Nd2
{[%emt 0:00:03]} 44. Bxd2 {[%emt 0:00:04]} Kxd2 {[%emt 0:00:01]} 45. Ka3 {
[%emt 0:00:01]} Kxc3 {[%emt 0:00:01]} 46. Kxa4 {[%emt 0:00:00]} Kxd4 {[%emt 0:
00:00]} 47. Kb4 {[%emt 0:00:02]} c3 {[%emt 0:00:01] Althusius resigns} 0-1